=LDR 00000nam 2200000 4500 =001 INLIS000000000041887 =005 20220512095916 =035 ##$$a 0010-061300000041887 =008 220512###########################0###### =041 ##$$a Ind =082 ##$$a 21200572 =090 ##$$a 352, Cha m =100 ##$$a Chobib Soleh =245 1#$$a Menilai kinerja pemerintahan daerah, Chabib Soleh dan Suripto =260 ##$$a 2011 :$b Bandung =300 ##$$a ix, 294 hlm., 24 cm =650 #4$$a Pemerintah Daerah - Evaluasi =850 ##$$a NBPNMAT =020 ##$$a 978-602-8733-77*9 =084 ##$$a 21200572